Vysoké Tatry Žabí pleso : Žabí kóň

Zobrazenie: pohľad na Žabie pleso a štít Žabí kôň

Bibliographic Details
Other Authors: Chytil, Alois, 1877-1949 (Photographer)
Format: Photo
Language:Czech
PhysicalDescription:1 pohľadnica zelenobiela 14 x 9 cm
Published: Praha A. Chytil 1924
Series:Vysoké Tatry
Subjects:

MARC

LEADER 00000nkm a2200000 a 4500
001 vtls010031257
003 SK-MaSNL
005 20260331204802.0
007 kf co
008 231214s1924 xr g kucze
015 |a SNBG 
035 |a urn:nbn:sk:snk-km00bk4d 
035 |a urn:nbn:sk:snk-km3lmp2 
035 |a 174C09CF-636C-475E-9662-84C5B1B9BB75 
040 |a SNK  |b slo  |c SNK  |e AACR2 
041 0 |a cze 
043 |a e-xo--- 
044 |a xr  |c CZ 
080 |a (084.121)  |2 2001 
080 |a 908(437.6-17)  |2 2001 
080 |a 551.332.56(234.372.4)  |2 2011 
080 |a 908(234.372.4)  |2 2011 
100 1 |a Chytil, Alois,  |d 1877-1949  |4 pht  |9 61994 
245 1 0 |a Vysoké Tatry  |h grafika  |b Žabí pleso : Žabí kóň  |c fot. A. Chytil 
246 3 0 |a Žabí pleso 
246 3 0 |a Žabí kóň 
260 |a Praha  |b A. Chytil  |c 1924 
300 |a 1 pohľadnica  |b zelenobiela  |c 14 x 9 cm 
490 1 |a Vysoké Tatry  |v 95 
520 8 |a Zobrazenie: pohľad na Žabie pleso a štít Žabí kôň 
651 7 |a Vysoké Tatry (Poľsko a Slovensko : pohorie)  |2 SNKPHgeo  |9 67729 
651 7 |a Malé Žabie pleso (Vysoké Tatry, Slovensko)  |2 SNKPH  |9 160561 
651 7 |a Žabí kôň (Vysoké Tatry, Poľsko a Slovensko : štít)  |2 SNKPH  |9 57025 
655 7 |a geografické pohľadnice  |2 SNKPH  |9 70522 
830 0 |a Vysoké Tatry  |9 287794 
852 |a Slovenská národná knižnica 
958 |a GBN 
958 |a GC 
958 |a ONDV 
999 |c 1175889  |d 1177819 
952 |a SNK  |b SNK  |y PREZ  |7 0  |p 17A0636751  |o snkSP 4781  |3 rekatalogizácia  |0 0  |1 0  |4 0  |d 2009-12-12  |f 1  |l 0  |r 2026-02-24 21:21:30  |w 2026-02-24